000
00283nam a22001337a 4500
008
171102b xxu||||| |||| 00| 0 eng d
020
_a
9780658003073
041
_a
eng
080
_a
339.138
100
_a
60
101
_a
MAR
245
_a
BRANDING.COM
_c
KANIA,D
942
_2
udc
_c
BK
999
_c
37320
_d
37320